000
00268nam a2200109Ia 4500
008
200302s9999 xx 000 0 und d
100
_a
T. M. Stoll & G. I. Evstratov
245
_a
Building in Hot Climate
260
_b
Mir Publishers
260
_c
1987
300
_a
366 P.,
999
_c
2339
_d
2339